[Event "Saint Louis Winter Blitz"]
[Site "Saint Louis"]
[Date "2023.12.20"]
[Round "10.4"]
[White "Bruzon Batista, Lazaro"]
[Black "Bok, Benjamin"]
[Result "1-0"]
[WhiteElo "2594"]
[BlackElo "2614"]
[PlyCount "43"]
[EventDate "2023.12.20"]
[EventType "schev (blitz)"]
[EventRounds "12"]
[EventCountry "USA"]
[SourceTitle "CB52_2023"]
[SourceDate "2023.12.27"]
[SourceVersion "1"]
[SourceVersionDate "2023.12.27"]
[SourceQuality "1"]
[WhiteTeam "Team A"]
[BlackTeam "Team B"]
[WhiteTeamCountry "USA"]
[BlackTeamCountry "USA"]

1. d4 Nf6 2. Bg5 d5 3. e3 c5 4. c3 Nc6 5. Nd2 cxd4 6. exd4 Bf5 7. Ngf3 e6 8. Nh4 Bg6 9. g3 Be7 10. Nxg6 hxg6 11. Bd3 Qc7 12. Qe2 0-0-0 13. Nf3 Ng4 14. Bxe7 Qxe7 15. Bb5 Qc7 16. 0-0-0 Ne7 17. Ng5 Nh6 18. Nxf7 Nxf7 19. Qxe6+ Kb8 20. Qxf7 Rdf8 21. Qxg7 Rhg8 22. Qe5 1-0

[Event "Saint Louis Winter Rapid"]
[Site "Saint Louis"]
[Date "2023.12.19"]
[Round "5.4"]
[White "Bruzon Batista, Lazaro"]
[Black "Bok, Benjamin"]
[Result "0-1"]
[WhiteElo "2594"]
[BlackElo "2614"]
[PlyCount "118"]
[EventDate "2023.12.19"]
[EventType "schev (rapid)"]
[EventRounds "6"]
[EventCountry "USA"]
[SourceTitle "CB52_2023"]
[SourceDate "2023.12.27"]
[SourceVersion "1"]
[SourceVersionDate "2023.12.27"]
[SourceQuality "1"]
[WhiteTeam "Team A"]
[BlackTeam "Team B"]
[WhiteTeamCountry "USA"]
[BlackTeamCountry "USA"]

1. Nf3 d5 2. g3 g6 3. Bg2 Bg7 4. d4 Nf6 5. 0-0 0-0 6. c3 c6 7. a4 a5 8. Nbd2 Bf5 9. Nh4 Be6 10. f4 Qc8 11. e4 dxe4 12. Nxe4 Nxe4 13. Bxe4 Bh3 14. Re1 Nd7 15. Bh1 Re8 16. Nf3 Bg4 17. Be3 Nf6 18. Bf2 Nd5 19. Qb3 Bxf3 20. Bxf3 e6 21. Rad1 Qd7 22. Kg2 b5 23. Re2 Reb8 24. Rde1 Bf6 25. Qa2 Ra6 26. Rd2 Kg7 27. Re4 h5 28. h4 Nb6 29. b3 Nd5 30. Qc2 bxa4 31. bxa4 Rab6 32. c4 Ne7 33. Qd1 Rb4 34. Qe2 Rxa4 35. Re5 Ra3 36. Rc5 Rbb3 37. Be4 Rc3 38. Kh2 Nf5 39. Bxf5 exf5 40. d5 cxd5 41. Rcxd5 Qc6 42. Rd6 Qe4 43. Rxf6 Kxf6 44. Bd4+ Ke6 45. Bxc3 Rxc3 46. Qf2 Kf6 47. Qb6+ Kg7 48. Qxa5 Rc1 49. Qe5+ Qxe5 50. fxe5 Rxc4 51. Kg2 Re4 52. Rd5 Kf8 53. Kf3 Ke7 54. Ra5 Ke6 55. Ra6+ Kxe5 56. Rb6 Rd4 57. Rb5+ Kf6 58. Ra5 Rg4 59. Ra6+ Ke5 0-1

[Event "US Masters op"]
[Site "Charlotte"]
[Date "2023.11.25"]
[Round "6"]
[White "Bruzon Batista, Lazaro"]
[Black "Heimann, Mark A"]
[Result "0-1"]
[WhiteElo "2606"]
[BlackElo "2440"]
[PlyCount "142"]
[EventDate "2023.11.22"]
[EventType "swiss"]
[EventRounds "9"]
[EventCountry "USA"]
[SourceTitle "CB48_2023"]
[SourceDate "2023.11.29"]
[SourceVersion "1"]
[SourceVersionDate "2023.11.29"]
[SourceQuality "1"]

1. e4 e5 2. Nf3 Nc6 3. Bb5 a6 4. Ba4 Nf6 5. 0-0 b5 6. Bb3 Bc5 7. c3 d6 8. d4 Bb6 9. Be3 Bg4 10. Nbd2 0-0 11. h3 Bh5 12. Bg5 Na5 13. dxe5 dxe5 14. Bc2 h6 15. Bh4 g5 16. Bg3 Nd7 17. Qe2 Nb7 18. Rfd1 Qf6 19. Bh2 Nd6 20. g4 Bg6 21. Nf1 Rfe8 22. Ng3 Rad8 23. Kg2 Nc5 24. Nf5 Kh7 25. Kh1 Bxf5 26. gxf5 Nd7 27. Rg1 Rg8 28. Rad1 Qe7 29. Rg2 c5 30. Rd5 f6 31. Rg1 Bc7 32. Rgd1 Nf7 33. a4 Nd6 34. axb5 axb5 35. Bg3 c4 36. h4 Nb6 37. R5d2 Nb7 38. hxg5 hxg5 39. Kg2 Kg7 40. b4 Nd6 41. Nh2 Rh8 42. Ng4 Nf7 43. Ne3 Rxd2 44. Rxd2 Rd8 45. Rxd8 Qxd8 46. Qh5 Qh8 47. Qg6+ Kf8 48. Nd5 Nxd5 49. exd5 Bd6 50. Bd1 Qh6 51. Bc2 Qxg6 52. fxg6 Nh6 53. f3 Kg7 54. Bf2 f5 55. Bc5 Bc7 56. Be7 Kxg6 57. d6 Bb6 58. d7 Nf7 59. Kf1 Bd8 60. Bf8 Kf6 61. Ke2 Ke6 62. Bc5 Nh6 63. Bf8 Ng8 64. Bg7 Ne7 65. Bf8 Nd5 66. Kd2 Nf6 67. Ke2 Nxd7 68. Bg7 Bf6 69. Bh6 Be7 70. Bg7 Bf8 71. Bh8 Nb6 0-1

[Event "Sunnyvale Silicon Valley Fall op"]
[Site "Sunnyvale"]
[Date "2023.09.03"]
[Round "7"]
[White "Mikaelyan, Arman"]
[Black "Bruzon Batista, Lazaro"]
[Result "1/2-1/2"]
[WhiteElo "2529"]
[BlackElo "2605"]
[PlyCount "24"]
[EventDate "2023.08.31"]
[EventType "swiss"]
[EventRounds "9"]
[EventCountry "USA"]
[SourceTitle "EXT 2024"]
[Source "ChessBase"]
[SourceDate "2023.10.10"]
[SourceVersion "1"]
[SourceVersionDate "2023.10.10"]
[SourceQuality "1"]

1. d4 Nf6 2. c4 e6 3. Nf3 d5 4. Nc3 Be7 5. Bg5 h6 6. Bh4 0-0 7. e3 Nbd7 8. Qc2 c5 9. cxd5 cxd4 10. Nxd4 Nxd5 11. Bxe7 Nxe7 12. Rd1 Qb6 1/2-1/2

[Event "Sunnyvale Silicon Valley Fall op"]
[Site "Sunnyvale"]
[Date "2023.09.01"]
[Round "2"]
[White "Bruzon Batista, Lazaro"]
[Black "Liang, Jason"]
[Result "1-0"]
[WhiteElo "2605"]
[BlackElo "2450"]
[PlyCount "167"]
[EventDate "2023.08.31"]
[EventType "swiss"]
[EventRounds "9"]
[EventCountry "USA"]
[SourceTitle "EXT 2024"]
[Source "ChessBase"]
[SourceDate "2023.10.10"]
[SourceVersion "1"]
[SourceVersionDate "2023.10.10"]
[SourceQuality "1"]

1. c4 c6 2. Nf3 d5 3. d4 Nf6 4. cxd5 cxd5 5. Nc3 Nc6 6. Bf4 Bf5 7. e3 e6 8. Qb3 Bb4 9. Bb5 0-0 10. Bxc6 Bxc3+ 11. Qxc3 Rc8 12. Ne5 Ng4 13. Nxg4 Bxg4 14. Qb4 Rxc6 15. Qxb7 Qa5+ 16. b4 Qa4 17. 0-0 Be2 18. Rfe1 Bb5 19. Qe7 Rc2 20. a3 Re8 21. Qh4 Bd3 22. Qg3 Rec8 23. h4 Bg6 24. Bd6 R2c3 25. Bc5 Rxa3 26. Rxa3 Qxa3 27. Qd6 Qa4 28. Qe7 a6 29. Qb7 Qc6 30. Qxc6 Rxc6 31. f3 Bd3 32. e4 Bc4 33. e5 f6 34. g4 Kf7 35. exf6 gxf6 36. h5 Rc8 37. Kf2 Re8 38. f4 Bb5 39. Kg3 Rg8 40. Kh4 Bd3 41. Re3 Bb5 42. g5 Bd7 43. Bd6 Bb5 44. Rc3 Bc4 45. b5 axb5 46. Ra3 e5 47. dxe5 fxg5+ 48. fxg5 d4 49. Ra7+ Ke6 50. Rxh7 d3 51. Bb4 Rd8 52. Bd2 Rf8 53. Kg3 Rf1 54. h6 Rd1 55. Rc7 Kf5 56. h7 Rh1 57. Rg7 Bd5 58. g6 Rg1+ 59. Kf2 Rg2+ 60. Ke3 Re2+ 61. Kxd3 Rh2 62. Rg8 Be4+ 63. Kc3 Kxe5 64. h8Q+ Rxh8 65. Rxh8 Bxg6 66. Rb8 Ke4 67. Rxb5 Bf7 68. Bg5 Be6 69. Bf6 Bd5 70. Ra5 Bf7 71. Re5+ Kf4 72. Kd4 Bg6 73. Bg5+ Kf3 74. Re6 Bf5 75. Rf6 Kg4 76. Bd2 Bc2 77. Rf4+ Kg3 78. Ke3 Bd1 79. Rf1 Bb3 80. Rg1+ Kh4 81. Kf4 Kh5 82. Rg5+ Kh6 83. Kf5 Kh7 84. Kf6 1-0

[Event "CAN Transnational Classic"]
[Site "Montreal"]
[Date "2023.06.06"]
[Round "1"]
[White "Bruzon Batista, Lazaro"]
[Black "Lee, Alice"]
[Result "1/2-1/2"]
[WhiteElo "2617"]
[BlackElo "2390"]
[PlyCount "76"]
[EventDate "2023.06.06"]
[EventType "swiss"]
[EventRounds "9"]
[EventCountry "CAN"]
[SourceTitle "CBM 214 Extra"]
[Source "ChessBase"]
[SourceDate "2023.07.31"]
[SourceVersion "1"]
[SourceVersionDate "2023.07.31"]
[SourceQuality "1"]

1. c4 c6 2. d4 d5 3. cxd5 cxd5 4. Bf4 Nf6 5. Nc3 Nc6 6. e3 a6 7. Bd3 Bg4 8. Nge2 e6 9. 0-0 Bd6 10. f3 Bh5 11. Na4 0-0 12. Nc5 Bxf4 13. Nxf4 Qe7 14. Rc1 Bg6 15. Nxg6 hxg6 16. f4 Rfc8 17. a3 Rc7 18. Rf2 Rac8 19. Rfc2 Nb8 20. h3 Ne8 21. g3 Nd6 22. h4 Nd7 23. b4 Nf5 24. Nxd7 Qxd7 25. Kf2 Rxc2+ 26. Rxc2 Nd6 27. Qc1 Rxc2+ 28. Qxc2 Qc8 29. Qc5 Qd7 30. a4 Ne4+ 31. Bxe4 dxe4 32. b5 axb5 33. axb5 Qd5 34. Qxd5 exd5 35. g4 f6 36. f5 g5 37. hxg5 fxg5 38. Ke2 b6 1/2-1/2

[Event "CAN Transnational Rapid"]
[Site "Toronto"]
[Date "2023.06.04"]
[Round "7"]
[White "Bruzon Batista, Lazaro"]
[Black "Cruz, Cristhian"]
[Result "1/2-1/2"]
[WhiteElo "2617"]
[BlackElo "2522"]
[PlyCount "54"]
[EventDate "2023.06.03"]
[EventType "swiss (rapid)"]
[EventRounds "11"]
[EventCountry "CAN"]
[SourceTitle "CBM 214 Extra"]
[Source "ChessBase"]
[SourceDate "2023.07.31"]
[SourceVersion "1"]
[SourceVersionDate "2023.07.31"]
[SourceQuality "1"]

1. e4 e6 2. d4 d5 3. e5 c5 4. c3 Qb6 5. Nf3 Bd7 6. Bd3 Bb5 7. dxc5 Bxc5 8. b4 Bxd3 9. Qxd3 Be7 10. 0-0 Nd7 11. a4 Rc8 12. Na3 a6 13. Bd2 Qc7 14. Rfe1 Nh6 15. a5 0-0 16. Rac1 Nf5 17. c4 dxc4 18. Nxc4 Qd8 19. Qe4 b5 20. Ne3 Nxe3 21. Bxe3 Nb8 22. Rcd1 Qc7 23. Rc1 Qd7 24. Rcd1 Qc7 25. Rc1 Qd7 26. Rcd1 Qc7 27. Bg5 h6 1/2-1/2

[Event "Saint Louis Super Swiss"]
[Site "Saint Louis"]
[Date "2023.03.15"]
[Round "7"]
[White "Bruzon Batista, Lazaro"]
[Black "Yoo, Christopher Woojin"]
[Result "1/2-1/2"]
[WhiteElo "2610"]
[BlackElo "2591"]
[PlyCount "139"]
[EventDate "2023.03.12"]
[EventType "swiss"]
[EventRounds "9"]
[EventCountry "USA"]
[SourceTitle "CBM 213 Extra"]
[Source "ChessBase"]
[SourceDate "2023.05.31"]
[SourceVersion "1"]
[SourceVersionDate "2023.05.31"]
[SourceQuality "1"]

1. d4 Nf6 2. c4 e6 3. g3 d5 4. Bg2 Bb4+ 5. Bd2 a5 6. Nf3 0-0 7. Qc2 c5 8. cxd5 cxd4 9. Nxd4 Qb6 10. e3 exd5 11. 0-0 Nc6 12. Nxc6 bxc6 13. Rc1 Rb8 14. Nc3 Qd8 15. Ne2 Bxd2 16. Qxd2 Qb6 17. b3 Bg4 18. Nc3 Qb4 19. h3 Be6 20. Rd1 Ne4 21. Nxe4 dxe4 22. Rac1 a4 23. Qxb4 Rxb4 24. Rxc6 axb3 25. axb3 Bxb3 26. Rb1 f5 27. g4 g6 28. gxf5 gxf5 29. Kh2 Rbb8 30. h4 Bf7 31. Rxb8 Rxb8 32. Rc5 Be6 33. Bh3 Rf8 34. Rc6 Bd7 35. Rd6 Rf7 36. Bf1 Kf8 37. Kg3 Ke7 38. Rh6 f4+ 39. exf4 Rg7+ 40. Kh2 Rf7 41. Be2 Kf8 42. Bh5 Re7 43. Rd6 Kg7 44. Kg3 e3 45. fxe3 Rxe3+ 46. Kf2 Re7 47. Be2 Bf5 48. Rd5 Kf6 49. Bd3 Bxd3 50. Rxd3 Ra7 51. Kf3 Ra1 52. Rd6+ Kf5 53. Rd5+ Kf6 54. Kg4 Rg1+ 55. Kh5 Rf1 56. Kg4 Rg1+ 57. Kh5 Rf1 58. Kh6 Rxf4 59. h5 Rg4 60. Kxh7 Rg7+ 61. Kh6 Rg8 62. Rd6+ Kf7 63. Rg6 Rh8+ 64. Kg5 Rg8 65. Kf5 Rxg6 66. hxg6+ Kg7 67. Kg5 Kg8 68. Kf6 Kf8 69. g7+ Kg8 70. Kg6 1/2-1/2

[Event "Saint Louis Super Swiss"]
[Site "Saint Louis"]
[Date "2023.03.13"]
[Round "4"]
[White "Bruzon Batista, Lazaro"]
[Black "Dudin, Gleb"]
[Result "1-0"]
[WhiteElo "2610"]
[BlackElo "2469"]
[PlyCount "87"]
[EventDate "2023.03.12"]
[EventType "swiss"]
[EventRounds "9"]
[EventCountry "USA"]
[SourceTitle "CBM 213 Extra"]
[Source "ChessBase"]
[SourceDate "2023.05.31"]
[SourceVersion "1"]
[SourceVersionDate "2023.05.31"]
[SourceQuality "1"]

1. Nf3 d5 2. g3 Bg4 3. Bg2 c6 4. 0-0 e6 5. h3 Bh5 6. c4 Nf6 7. d3 Bd6 8. Be3 0-0 9. Qb3 Qe7 10. Nc3 Na6 11. d4 Rac8 12. Rac1 h6 13. Ne5 Nc5 14. Qd1 Ncd7 15. f4 dxc4 16. Nxc4 Bb4 17. Bf2 Rfd8 18. a3 Bxc3 19. Rxc3 Nd5 20. Rd3 c5 21. dxc5 Nxc5 22. Rd4 b5 23. Nd2 f6 24. Re1 Bf7 25. Nb3 Na4 26. Rd2 Ndb6 27. Nd4 Qe8 28. Bb7 Nc4 29. Bxc8 Rxc8 30. Rc2 Naxb2 31. Qb1 e5 32. fxe5 Bg6 33. exf6 Rd8 34. Qc1 Rxd4 35. Rxb2 Rd5 36. Rb3 Rf5 37. fxg7 Qe4 38. Rf3 Kxg7 39. Qc3+ Kh7 40. Rxf5 Bxf5 41. g4 Bg6 42. Qf6 Ne5 43. Rc1 Bf7 44. Rc8 1-0

[Event "Titled Tuesday intern op 28th Feb Early"]
[Site "Chess.com INT"]
[Date "2023.02.28"]
[Round "9"]
[White "Bruzon Batista, Lazaro"]
[Black "Aradhya, Garg"]
[Result "1-0"]
[WhiteElo "2610"]
[BlackElo "2268"]
[PlyCount "129"]
[EventDate "2023.02.28"]
[EventType "swiss (blitz)"]
[EventRounds "11"]
[EventCountry "USA"]
[SourceTitle "CBM 213 Extra"]
[Source "ChessBase"]
[SourceDate "2023.05.31"]
[SourceVersion "1"]
[SourceVersionDate "2023.05.31"]
[SourceQuality "1"]

1. d4 d5 2. c4 c6 3. cxd5 cxd5 4. Bg5 f6 5. Bd2 Nc6 6. Nc3 e5 7. e3 Be6 8. Bb5 Bd6 9. Nge2 Nge7 10. 0-0 0-0 11. Ba4 Rc8 12. Rc1 a6 13. h3 Nb4 14. a3 Nd3 15. Rb1 e4 16. Nc1 Bb8 17. Nxd3 exd3 18. Bb3 Qd6 19. f4 Kh8 20. Qf3 Rfd8 21. Nd1 Rc2 22. Bb4 Qd7 23. Nf2 Bf5 24. Bxe7 Qxe7 25. Bxd5 Re2 26. Rbe1 Rxb2 27. e4 d2 28. Rd1 Bd7 29. Qc3 Rb5 30. Qxd2 Bc6 31. Bxc6 bxc6 32. Qe3 Ba7 33. Rd3 Ra5 34. Rfd1 Ra4 35. Kf1 Qd7 36. e5 fxe5 37. fxe5 Rxd4 38. e6 Rxd3 39. Rxd3 Qxd3+ 40. Qxd3 Rxd3 41. Nxd3 Kg8 42. Ne5 Bc5 43. a4 g6 44. Nxc6 Kg7 45. Ke2 Kf6 46. e7 Bxe7 47. Kd3 Bd6 48. Kc4 Ke6 49. Nb4 Ke5 50. Nxa6 Kf4 51. a5 Kg3 52. Nb4 Bc7 53. a6 Bb6 54. Nd5 Ba7 55. Kb5 Kxg2 56. Kc6 Kxh3 57. Kb7 Bc5 58. Nb6 Bxb6 59. Kxb6 g5 60. a7 g4 61. a8Q g3 62. Qh1+ Kg4 63. Qxh7 g2 64. Qh2 Kf3 65. Qg1 1-0

[Event "Titled Tuesday intern op 28th Feb Early"]
[Site "Chess.com INT"]
[Date "2023.02.28"]
[Round "2"]
[White "Bruzon Batista, Lazaro"]
[Black "Fawzy, Adham"]
[Result "1-0"]
[WhiteElo "2610"]
[BlackElo "2494"]
[PlyCount "79"]
[EventDate "2023.02.28"]
[EventType "swiss (blitz)"]
[EventRounds "11"]
[EventCountry "USA"]
[SourceTitle "CBM 213 Extra"]
[Source "ChessBase"]
[SourceDate "2023.05.31"]
[SourceVersion "1"]
[SourceVersionDate "2023.05.31"]
[SourceQuality "1"]

1. d4 Nf6 2. c4 g6 3. f3 c5 4. d5 d6 5. e4 e6 6. Nc3 Bg7 7. Nge2 0-0 8. Ng3 exd5 9. cxd5 h5 10. Bg5 a6 11. a4 Qc7 12. Qd2 Nbd7 13. Be2 Rb8 14. 0-0 c4 15. Be3 h4 16. Nh1 Nc5 17. Bxc4 Ncxe4 18. fxe4 Qxc4 19. Nf2 h3 20. gxh3 b5 21. axb5 axb5 22. Rac1 Ba6 23. Rfe1 b4 24. Na4 Qb5 25. b3 Rbc8 26. Bd4 Rfe8 27. Rxc8 Rxc8 28. Qb2 Ne8 29. Bxg7 Nxg7 30. Ng4 Nh5 31. Nh6+ Kf8 32. Qf2 Rc7 33. Qd4 f6 34. Ng4 Qd3 35. Qxd3 Bxd3 36. Nf2 Bc2 37. Rc1 Nf4 38. Kf1 Rc8 39. Ke1 Ke7 40. Kd2 1-0

[Event "Titled Tuesday intern op 28th Feb Early"]
[Site "Chess.com INT"]
[Date "2023.02.28"]
[Round "6"]
[White "Cherniaiev, Tykhon"]
[Black "Bruzon Batista, Lazaro"]
[Result "1/2-1/2"]
[WhiteElo "2330"]
[BlackElo "2610"]
[PlyCount "58"]
[EventDate "2023.02.28"]
[EventType "swiss (blitz)"]
[EventRounds "11"]
[EventCountry "USA"]
[SourceTitle "CBM 213 Extra"]
[Source "ChessBase"]
[SourceDate "2023.05.31"]
[SourceVersion "1"]
[SourceVersionDate "2023.05.31"]
[SourceQuality "1"]

1. Nf3 Nf6 2. d4 d5 3. c4 e6 4. Nc3 Be7 5. Bg5 h6 6. Bxf6 Bxf6 7. cxd5 exd5 8. e3 0-0 9. Bd3 c6 10. 0-0 Be7 11. a3 Bd6 12. h3 Nd7 13. b4 a6 14. Rb1 Re8 15. a4 Nb6 16. b5 cxb5 17. axb5 a5 18. e4 Bb4 19. Nxd5 Nxd5 20. exd5 Qxd5 21. Ne5 Be6 22. Bc4 Qd6 23. Bxe6 Rxe6 24. Qf3 Re7 25. Rfd1 Rd8 26. Nd3 Qb6 27. Nxb4 axb4 28. Rxb4 Red7 29. Qe4 Rd5 1/2-1/2